00933nam a2200217 a 450000100060000000300080000600500170001400800410003103500190007204000290009104100080012008200200012810000310014824501430017926000620032230000340038450400390041850502080045765000250066565000250069014530BD-RjUL20211208235638.0140206s1968 ilua b 001 0 eng d a(BD-RjUL)14583 aDLC bengcDLC dBD-RjUL aeng00a575.1bWRE 19681 aWright, Sewall,d1889-198810aEvolution and the genetics of populations :ba treatise in three volumes /cSewall Wright.nvolume 1 :pGenetic and biometric foundations. aChicago ;aLondon :bUniversity of Chicago Press,cc1968. avii, 469 p. :bill. ;c24 cm. aIncludes bibliographies and index.0 aContents: v. 1. Genetic and biometric foundations.--v. 2. The theory of gene frequencies.--v. 3. Experimental results and evolutionary deductions.--v. 4. Variability within and among natural populations. 0aPopulation genetics. 0aEvolution (Biology).